00488 2200193 4500001002100000005001500021035002000036245003100056100002100087250001200108300003500120260005100155082001400206084002000220020002200240650001000262990001100272990001100283INLIS00000000000192920251218104238 a0010-12250000051 aPulang /cLeila S. Chudori0 aLeila S. Chudori aCet. 36 axiv, 461 hlm :bilust ;c20 cm aJakarta :bKepustakaan Populer Gramedia,c2025 a899.221'3 a899.221'3 LEI p a978-602-424-275-6 4aNovel a003986 a003987